000 00654nam a2200229Ia 4500
003 OSt
005 20220928125548.0
006 a|||||r|||| 00| 0
007 ta
008 220927b |||||||| |||| 00| 0 eng d
024 _a50631
037 _cTextual
040 _aSDCL
_cSDCL
_beng
041 _2eng
_aeng
082 _aV41y7M93, J9
100 _aSiao-Yu
_9470290
245 0 _aMao Tse-Tung and i were beggars
_b A personal memoirs of the early years of chairman Mao
260 _aLondon
_bSouvenir Press
_c1959
300 _axviii,266p
_ccm.
942 _hV41y7M93, J9
_cTEXL
_2CC
999 _c783008
_d783008